000 00746nam a2200181 a 4500
008 120416s1976 ||||||||||||||||| || u
050 _aUNZA-IAS(08)COM
110 _aUniversity of Zambia. Institute for African Studies
245 1 0 _aSlums or self-reliance?: urban growth in Zambia
_cH.J. Simons, T. Seymour, R. Martin and M.S. Muller
260 _aLusaka
_bUniversity of Zambia Institute for African Studies
_c1976
300 _av, 110p.
350 _a0.00
490 _aCommunication
500 _aCommunication no.12
650 _aURBAN HOUSING--ZAMBIA
650 _aSLUMS--ZAMBIA
995 _D0.00
_FCBU-MAIN LIBRARY (Kitwe)
_H1
_I0.00
_M12
_UAVAILABLE
_WOct 4, 2007
_ZZambiana Collection
999 _c57557
_d57557